000 01205nam a2200337 i 4500
003 EG-GICUC
005 20260418015811.0
008 260418s1939 fr |||fr|||| 00| 0 fre d
040 _aEG-GiCUC
_bfre
_cEG-GiCUC
_dEG-GiCUC
_eRda
041 _afre
082 0 4 _221
_a343.6
_bCO . A
092 0 4 _221
099 _aLaw1 10 343.6 CO . A1939
110 _aVii Conférence Internationale pour l'Unification du Droit Pénal
_cLe Caire
_d1939
_eAuteur
245 _aActes De La Conférence /
_c.Vii Conférence Internationale Pour l'Unification du Droit Pénal
264 1 _aParis :
_bEditions a. Pedone,
_c1939.
264 3 _bImprimerie F. E. Noury & Fils
300 _a496 pages;
_c 24 cm.
336 _2rda contenu
_a texte
337 _2rda medias
_aOrdinateur
338 _2 transporteur rda
_a Ressource en ligne
650 1 _aCriminologie
_2qrmak
650 1 _aDroit Do Pénal
_2qrmak
651 1 _2qrmak
700 1 _aPacha, S. E. Abdel Hamid Badaoui
_eContributeur
700 1 _aPella, S. E. Vespasien
_eContributeur
700 1 _aBey, S. E. Abdel Fattah El-sayed
_eContributeur
856 4 0 _uhttps://fll.law.cu.edu.eg/fulltext/bks/B10-10012.pdf
905 _a54
942 _2ddc
_n0
_cBK
_e21
999 _c71565
_d71565